| 000 | 02741nam a2200517 c 4500 | ||
|---|---|---|---|
| 003 | BLK | ||
| 005 | 20250221154957.0 | ||
| 008 | 180410b bul|||||r ||||||| ||bul|| | ||
| 010 | _aKNG00161973000 | ||
| 020 | _a978-954-398-370-4 | ||
| 040 | _aBLK | ||
| 041 |
_aBUL _cBUL |
||
| 072 | 7 |
_2bullib _aН35 _xОбществено управление. Военни науки Н |
|
| 080 |
_aОргани на обществения ред. Полиция. Обществена власт. Доброволни отреди. Държавна сигурност. Милиция. Дейност на полицията по вътрешно разузнаване _b351.74 _x(497.2)(092)(093.2) _z351.74(497.2)(092)(093.2) |
||
| 080 |
_aБългария през Втората световна война (1939-1944) _b94(497.2)"1939/1944" _x(092)(093.2) _z94(497.2)"1939/1944"(092)(093.2) |
||
| 080 |
_aНародна Република България (1946 - 1990) _b94(497.2)"1946/1990" _x(092)(093.2) _z94(497.2)"1946/1990"(092)(093.2) |
||
| 080 |
_aБългарски полицай от периода между двете световни войни _b929 Гешев, Никола Христов _z929 Гешев, Никола Христов |
||
| 100 | 1 |
_aМинкова, Петя _eпърви автор _9332785 |
|
| 139 |
_aМинкова, Петя и др. _bГ 45 |
||
| 245 | 1 | 0 |
_aСекретните досиета доказват: Гешев остава жив след 9.IX.1944 г. _cПетя Минкова; съавт. Иван Бутовски. |
| 257 | _aBGR | ||
| 260 |
_bТруд _c2014 _fСофия : Бет Принт |
||
| 300 |
_a184 с. _bс ил., портр., факс. _c21 см |
||
| 380 | _a9 | ||
| 490 | _aБиблиотека Разследвания на 168 часа | ||
| 500 | _aЗагл. на гърба на кн.: Гешев остава жив след 9.IX.1944 г. | ||
| 600 | 1 | 4 |
_aГешев, Никола Христов _9244235 |
| 650 | 4 |
_aГешев, Никола Христов _9244235 |
|
| 650 | 4 |
_aПолиция - България - история _9244237 |
|
| 650 | 0 |
_aБългария - история, нова - спомени _9243137 |
|
| 651 | 4 |
_aБългария _9241624 |
|
| 653 | _aНикола Гешев | ||
| 653 | _aполицаи | ||
| 653 | _aбългарска история | ||
| 653 | _aбиографии | ||
| 653 | _aспомени | ||
| 659 | _aН | ||
| 700 | 1 |
_aБутовски, Иван _eсъавт. _944171 |
|
| 852 | _aЦб 269344 | ||
| 856 | 4 | _qpdf | |
| 856 | 4 | _qpdf | |
| 942 |
_cKNG _n0 _010 |
||
| 944 |
_aCR _c12.06.2014 _lЦветелина Шанова _k30531 |
||
| 944 |
_aED _c12.11.2015 _lф / _kПенка_Димитрова |
||
| 999 |
_c155299 _d155299 |
||
| 999 | _d155299 | ||